Statistics for Pokémon starting with a C (generation 1-7)

Click here to take the quiz!

General Stats

  • This quiz has been taken 7 times
  • The average score is 44 of 63

Answer Stats

GenPokémon% Correct
5Carracosta
100%
1Charizard
100%
1Charmander
100%
1Charmeleon
100%
2Chikorita
100%
1Clefable
100%
1Clefairy
100%
2Cleffa
100%
5Cobalion
100%
5Cottonee
100%
2Cyndaquil
100%
1Caterpie
80%
2Celebi
80%
4Chimchar
80%
5Cinccino
80%
6Clauncher
80%
6Clawitzer
80%
4Combee
80%
3Combusken
80%
3Corphish
80%
2Corsola
80%
7Cosmoem
80%
7Cosmog
80%
4Cranidos
80%
3Crawdaunt
80%
4Cresselia
80%
5Cryogonal
80%
5Cubchoo
80%
1Cubone
80%
3Cacnea
60%
3Cacturne
60%
3Camerupt
60%
6Carbink
60%
4Carnivine
60%
3Carvanha
60%
3Cascoon
60%
3Castform
60%
5Chandelure
60%
1Chansey
60%
4Chatot
60%
6Chesnaught
60%
6Chespin
60%
3Chimecho
60%
2Chinchou
60%
4Chingling
60%
3Clamperl
60%
1Cloyster
60%
7Comfey
60%
5Conkeldurr
60%
7Crabominable
60%
7Crabrawler
60%
3Cradily
60%
2Croconaw
60%
5Crustle
60%
7Cutiefly
60%
7Celesteela
40%
4Cherrim
40%
4Cherubi
40%
3Claydol
40%
5Cofagrigus
40%
4Croagunk
40%
2Crobat
40%
7Charjabug
20%

Score Distribution

Percentile by Number Answered

Percent of People with Each Score

Your Score History

You have not taken this quiz